000 00492cab a22001815a 4500
001 L141345
008 071116e18620405xxka 000 0 eng d
035 _a(Sirsi) u141345
041 0 _aeng
100 1 _aWhiting, Sydney
245 0 0 _aBric-a-brac
260 _c1862
490 _aOnce a Week
_v5 April 1862, 402-407(6)
520 _aA story about auctions.
651 4 _aUnited Kingdom
_y
690 _aPROPERTY ACQUISITION AND DISPOSAL-ACQUISITION AND DISPOSAL AT AUCTION
942 _n0
999 _c79463
_d79463